[Event "2nd Mix Bassano 2021"]
[Site "Bassano del Grappa"]
[Date "2021.03.24"]
[Round "1.10"]
[White "Janzelj, Tim"]
[Black "Hapala, Elisabeth"]
[Result "1-0"]
[WhiteElo "2468"]
[BlackElo "2116"]
[Annotator "TA"]
[PlyCount "119"]
[EventDate "2021.03.24"]
[EventType "swiss"]
[EventCountry "ITA"]
[SourceTitle "playchess.com"]
[Source "ChessBase"]
[SourceQuality "1"]

{[%evp 9,119,7,11,-44,-27,-18,0,-10,8,0,45,45,59,44,111,107,125,70,191,183,179,183,191,209,225,224,213,122,525,532,527,533,531,519,501,521,518,508,525,520,509,436,420,422,470,447,427,20,20,21,21,21,22,30,15,-486,2202,2185,2477,14,16,13,223,120,177,118,147,152,152,157,164,164,164,164,164,164,152,103,145,105,322,165,362,327,407,403,360,333,358,357,314,320,377,362,433,368,479,479,608,520,29975,29975,29977,29979,29979,29980,29980,29981,29980,29981,29983,29984]} 1. e4 c5 2. Nf3 e6 3. b3 a6 4. Bb2 Nc6 5. g3 d5 6. e5 {B40: Sicilian: 2...e6, Unusual lines.} (6. exd5 $11 exd5 7. Qe2+ Be6 8. Bh3) 6... Qc7 7. Bg2 {[#]} Nge7 $146 ({Predecessor:} 7... g6 8. O-O Bg7 9. Re1 Nge7 10. Qe2 b6 11. c4 Bb7 12. cxd5 Nxd5 13. Nc3 O-O 14. Nxd5 exd5 {½-½ (43) Horvath,I (2345)-Gladyszev,O (2240) Zalakaros 1995}) 8. O-O {The position is equal.} Ng6 9. Re1 d4 {[%cal Rg6e5]} 10. Qe2 Be7 11. c3 {[%cal Rc3d4]} dxc3 (11... O-O $14) 12. Nxc3 $16 O-O 13. Rac1 (13. h4 $1 $16) 13... f6 (13... Rd8 $14) 14. Na4 Ngxe5 15. Nxe5 (15. Nxc5 Nxf3+ 16. Bxf3 (16. Qxf3 Bxc5 17. Rxc5 Qd6 $16) 16... Bxc5 $16) 15... Nxe5 16. d4 (16. Bxe5 $6 fxe5 17. Qe3 (17. Qxe5 Qxe5 18. Rxe5 Bf6 $16) 17... Qd8 $16) 16... Nc6 17. d5 {[%cal Rd5c6]} (17. Nxc5 $6 Bxc5 18. Rxc5 Bd7 $16) 17... Nd8 {[#]} 18. b4 ({But not} 18. dxe6 $6 Bxe6 19. Nc3 Bd6 $16) (18. Nxc5 $1 $18 {[%mdl 512]} Bxc5 19. Ba3 $1 {[%mdl 512]} (19. b4 Bxf2+ 20. Qxf2 Qf7 $14)) 18... c4 $2 {[%mdl 8192]} (18... Bd7 $16) 19. Rxc4 $18 Qd6 20. Bd4 b5 {[#]} 21. Bc5 $1 Qc7 22. Rd4 {d6 is the strong threat.} Bxc5 23. Nxc5 e5 {[#]} 24. d6 $1 {[%mdl 512]} Qa7 (24... Qb8 25. Rh4) 25. Bxa8 Qxa8 26. Rd2 Bf5 27. a4 Nf7 {[%cal Bd8f7,Bf7g5,Bg5f3][%mdl 32] With the idea ...Ng5.} 28. axb5 $2 (28. g4 Ng5 $1 $17) (28. f4 $18) 28... Ng5 $1 $11 {[%cal Rg5h3] ( -> ...Nh3+)} 29. Qc4+ Kh8 $1 30. Qd5 Nf3+ {[%mdl 64] Double Attack} 31. Kh1 {Threatens to win with b6.} Nxd2 32. Qc6 {[%mdl 8192]} (32. Qxa8 $11 Rxa8 33. bxa6) 32... Qb7 $4 {[%mdl 8192]} 33. Qxb7 $18 Rd8 34. Qa8 $2 Rxa8 $11 35. bxa6 Nf3 $2 {[#]} (35... Kg8 $1 $11 {and Black has nothing to worry.}) 36. Ra1 (36. b5 $1 $18 {[%mdl 512]} Nxe1 37. b6 Rxa6 38. Nxa6 Be4+ 39. Kg1 Nf3+ 40. Kf1 Bd3+ {[%mdl 64] Double Attack} 41. Kg2 Ne1+ 42. Kg1 Nf3+ 43. Kh1) 36... Nd4 $16 {[#]} 37. d7 (37. Ra5 $1 $18 Nc6 38. Rb5) 37... Kg8 38. a7 Bxd7 39. Nxd7 {[%mdl 4096] Endgame Black must now prevent Nb6. KRN-KRN} Nb5 {[#]} 40. Ra5 {[%cal Ra5b5]} Rxa7 {[#]} 41. Nxf6+ $1 {[%mdl 512]} gxf6 42. Rxb5 $18 {KR-KR} Ra2 43. Kg2 Rb2 44. Rb7 Rb3 $2 (44... e4 $16) 45. Kf1 (45. g4 $142) 45... Rb2 $2 (45... f5 46. Ke2 Rb2+ 47. Ke3 Rb3+ 48. Ke2 Rb2+ 49. Kf1 h5) 46. b5 Kf8 47. g4 Rb4 48. h3 ({Not} 48. Rxh7 Rxb5 49. Kg2 Rb4 $16) 48... Rb3 49. Kg2 ({Less strong is} 49. Rxh7 Rxb5 50. Kg2 Rb4 $16) 49... h6 50. b6 Ke8 51. f3 Kf8 52. Kf2 Kg8 53. Ke2 Kf8 54. Kd2 Rxf3 (54... Ke8 $18 55. Kc2 Rb5) 55. Rc7 {White mates.} Rxh3 56. b7 {[%cal Rb7b8]} Rb3 57. Rc8+ Kg7 58. b8=Q Rxb8 59. Rxb8 Kg6 60. Ke3 {Weighted Error Value: White=0.55/Black=0.55} 1-0

[Event "2nd Mix Bassano 2021"]
[Site "Bassano del Grappa"]
[Date "2021.03.24"]
[Round "2.1"]
[White "Bernadskiy, Vitaliy"]
[Black "Diermair, Andreas"]
[Result "1-0"]
[WhiteElo "2599"]
[BlackElo "2487"]
[Annotator "TA"]
[PlyCount "88"]
[EventDate "2021.03.24"]
[EventType "swiss"]
[EventCountry "ITA"]
[SourceTitle "playchess.com"]
[Source "ChessBase"]
[SourceQuality "1"]

{[%evp 13,88,14,22,6,6,8,145,25,43,23,39,35,58,0,16,0,20,11,14,0,0,0,0,0,46,9,15,35,15,0,57,0,72,96,110,102,111,34,26,0,0,-97,-92,-119,0,0,0,0,228,243,228,68,38,58,643,676,1296,1186,892,505,505,496,562,560,552,545,545,544,676,661,29978,29979,29982,29983,29985,29986,29991]} 1. e4 c6 2. d4 d5 3. exd5 cxd5 4. Bd3 Nf6 5. h3 Nc6 6. c3 g6 7. Nf3 Qc7 8. O-O {B13: Caro-Kann: Exchange Variation and Panov-Botvinnik Attack.} Bf5 9. Re1 Bg7 (9... Bxd3 $11 10. Qxd3 e6) 10. Ne5 $5 {[%mdl 4] [#] An interesting side line.} (10. Bxf5 $16 {Strongly threatening Bc2.} gxf5 11. Nh4) 10... Ne4 $146 ({Predecessor:} 10... Bxd3 11. Nxd3 Nh5 12. a4 O-O 13. Na3 a6 14. Qf3 Rfd8 15. Nc2 Nf6 16. Bf4 Qd7 {0-1 (26) Kranti,K (1953)-Ravi,T (2285) Bhopal 2013}) 11. Ng4 h5 12. Ne3 O-O-O 13. Na3 e6 $1 14. Nb5 Qb8 15. Bxe4 Bxe4 16. f3 (16. a4 {is more complex.} g5 17. Nc4 Bf5 18. Ne5 Rhf8 19. c4) 16... Bf5 17. Nxf5 gxf5 18. Bg5 $36 {[%mdl 2048] White has the initiative.} f6 19. Bh4 (19. Bd2 $5 {[%cal Re1e6]} a6 20. Na3 $11) 19... a6 {[#]} 20. a4 $1 Rhe8 {[#]} 21. Qd3 $1 Rd7 {[#]} (21... Kd7 $11) 22. c4 $1 Qf4 (22... Kd8 $1 $11 {remains equal.}) 23. Bf2 $1 $16 Kb8 24. cxd5 Rxd5 {[#]} 25. g3 Qg5 $14 {[#] Hoping for ...h4.} 26. h4 $1 Qg6 27. Nc3 {[#]} (27. Rec1 $11) 27... Rxd4 $1 $17 28. Qc2 (28. Bxd4 $2 Qxg3+ 29. Kf1 Rd8 $17) 28... Rxh4 ({Black should try} 28... Bf8 $17 {And now ...Rxh4 would win.} 29. Bxd4 Nxd4) 29. Nd5 $1 $11 Bh6 ({Much worse is} 29... exd5 $6 30. Rxe8+ Qxe8 31. gxh4 $16) 30. b4 {[%cal Bb2b4,Bb4b5][%mdl 32] aiming for b5.} Bf4 $2 ({Avoid the trap} 30... Nxb4 $2 31. Qc7+ Ka8 32. Rxe6 $3 $18 {[%mdl 512]}) (30... Rd4 $11 {and Black stays safe.} 31. b5 (31. Bxd4 Nxd4 32. Qc7+ Ka8 $11) 31... exd5 32. bxc6 Rc4 {[%mdl 64] Double Attack}) 31. Nxf4 $18 Rxf4 32. Qc5 ({Only move:} 32. b5 $18 Rxf3 33. bxc6) 32... Rxf3 $14 33. b5 Rxg3+ $2 {[%mdl 8192] This move loses the game for Black.} (33... Rxf2 $14 34. Qxf2 Nd4 $1) 34. Kf1 $18 Rg8 35. Qd6+ {[%mdl 64] Double Attack} Ka8 36. Qxg3 Qxg3 37. Bxg3 Nd4 {[#]} 38. Rad1 $1 e5 39. Bf2 Nf3 40. Re3 e4 41. bxa6 h4 42. axb7+ {White mates.} Kb8 43. Rb3 f4 44. Bc5 e3 {Weighted Error Value: White=0.35/Black=0.65} 1-0

[Event "2nd Mix Bassano 2021"]
[Site "Bassano del Grappa"]
[Date "2021.03.24"]
[Round "2.2"]
[White "Moroni, Luca Jr"]
[Black "Janzelj, Tim"]
[Result "1-0"]
[WhiteElo "2552"]
[BlackElo "2468"]
[Annotator "TA"]
[PlyCount "73"]
[EventDate "2021.03.24"]
[EventType "swiss"]
[EventCountry "ITA"]
[SourceTitle "playchess.com"]
[Source "ChessBase"]
[SourceQuality "1"]

{[%evp 13,73,16,25,21,36,43,43,41,46,26,25,33,36,36,27,29,37,31,31,31,31,28,32,6,43,0,0,0,22,18,35,25,32,41,41,59,66,13,49,49,191,181,186,157,177,119,231,208,237,241,301,307,316,312,302,283,341,338,769,759,1301,771]} 1. d4 d5 2. c4 e6 3. Nc3 Nf6 4. cxd5 exd5 5. Bg5 Nbd7 6. e3 Be7 {seems to push 6...c6 aside.} 7. Bd3 c6 8. h3 {D35: Queen's Gambit Declined: Exchange Variation.} h6 9. Bf4 Nb6 10. Nf3 {White is slightly better.} Be6 {[#]} 11. Bh2 $5 $146 {[%mdl 8] An interesting novelty.} ({Predecessor:} 11. O-O O-O 12. Ne5 Nbd7 13. Rc1 Qe8 14. Nf3 Nh5 15. Bh2 f5 16. Qb3 Qc8 17. Rfe1 {1-0 (31) David,A (2567)-Malikentzos,S (2440) Paleochora 2017}) 11... Nc4 12. Qc2 Bd6 13. Bxc4 dxc4 14. Bxd6 Qxd6 15. e4 {[#] And now e5 would win.} Qc7 16. O-O O-O 17. Rad1 Rad8 18. Ne2 b5 19. a3 Rfe8 20. Rfe1 Re7 21. Ng3 Red7 22. Qc1 a5 23. Qe3 Re7 24. Nh4 Bc8 25. Qf3 (25. Qd2 $14) 25... Rde8 26. e5 Nh7 (26... Nd5 $14) 27. Nhf5 Bxf5 28. Nxf5 Re6 29. Nd6 (29. a4 $18) 29... R8e7 (29... Rb8 $16 30. Nf5 Nf8) 30. a4 $18 Ng5 31. Qc3 f6 32. axb5 fxe5 33. dxe5 cxb5 34. f4 ({Don't play} 34. Nxb5 $6 Qc5 $16) 34... b4 35. Qxc4 Qb6+ $2 {[#]} (35... Qxc4 36. Nxc4 Nf7 37. Nxa5 h5) 36. Kh1 Nf7 37. Nc8 {Weighted Error Value: White=0.10/Black=0.24} 1-0

[Event "2nd Mix Bassano 2021"]
[Site "Bassano del Grappa"]
[Date "2021.03.24"]
[Round "2.3"]
[White "Sonis, Francesco"]
[Black "Bjerre, Jonas Buhl"]
[Result "1-0"]
[WhiteElo "2477"]
[BlackElo "2549"]
[Annotator "TA"]
[PlyCount "89"]
[EventDate "2021.03.24"]
[EventType "swiss"]
[EventCountry "ITA"]
[SourceTitle "playchess.com"]
[Source "ChessBase"]
[SourceQuality "1"]

{[%evp 9,89,-4,19,23,26,12,31,30,32,20,33,39,18,18,12,7,0,16,13,14,15,0,32,18,16,9,8,0,0,0,0,0,0,0,0,0,0,0,0,0,0,0,0,11,0,0,65,0,6,0,0,0,23,0,0,0,16,0,0,-502,-397,-575,0,-81,0,-8,127,123,131,129,413,428,640,636,1733,1597,29975,29975,29975,29976,29979,29980]} 1. d4 Nf6 2. Nf3 d5 3. g3 c5 4. dxc5 Qa5+ 5. Nbd2 Qxc5 6. Nb3 {D02: 1 d4 d5 2 Nf3 sidelines, including 2...Nf6 3 g3 and 2...Nf6 3 Bf4.} Qb6 7. Be3 Qc7 8. Bf4 {White is slightly better.} Qb6 {[#]} 9. Bg2 $146 ({Predecessor:} 9. Qd4 Qxd4 10. Nfxd4 a6 11. Bg2 e6 12. O-O Nbd7 13. Nf3 Be7 14. c3 O-O 15. Rfd1 Nh5 16. Be3 {0-1 (83) Timofeeva,V-Lisachenko,N Ozery 1997}) 9... g6 10. O-O Bg7 11. Ne5 Nc6 12. Nxc6 bxc6 13. c4 O-O 14. Rc1 a5 15. Be5 {[%cal Rc4d5]} Ba6 16. cxd5 cxd5 17. Bd4 Qb5 18. Re1 Rac8 19. Rxc8 Rxc8 20. e3 a4 21. Bf1 Qc6 {Threatens to win with ...Bxf1.} 22. Na5 Qe6 23. Bxa6 Qxa6 24. Qxa4 Ne4 {aiming for ...Ng5.} 25. Bxg7 Kxg7 26. Qd4+ Nf6 27. b4 Qb5 (27... Rc2 $11) 28. a3 (28. Ra1 $1 $14) 28... Rc2 $1 $11 29. Qe5 Qd3 30. Rf1 Kg8 31. Qb8+ Kg7 32. Qe5 Kg8 33. Qxe7 Ng4 {[%cal Rg4h2]} 34. Qh4 {[%mdl 8192]} (34. Nc6 $1 $11 {and White has nothing to worry.} Nxh2 35. Qe8+ Kg7 36. Qe5+ f6 37. Qc7+ Kh8 38. Qb8+ Kg7 39. Kxh2 Qxf1 40. Qc7+ Kh8 41. Qc8+ Kg7 42. Qc7+ Kh8 43. Qc8+ Kg7 44. Qc7+) 34... Qf5 35. e4 (35. Nc6 $142 Rxc6 36. h3) 35... dxe4 $2 (35... Qf3 $1 $19 {[%cal Rg4f2]} 36. Qd8+ Kg7 37. Qxd5 Nxf2 38. Qd4+ Kh6 39. Qxf2 Rxf2 40. Rxf2 Qxa3) 36. Qd8+ Kg7 {Hoping for ...e3.} 37. Qd4+ (37. Qd1 $5 {[%cal Rd1c2]} e3 38. fxe3 $11) 37... f6 {[#]} (37... Ne5 $1 $11) 38. Nc4 $1 $36 {[%mdl 2048] Black is under strong pressure.} Qf3 {[#]} 39. Nd2 $1 Qxa3 $2 {[%mdl 8192] This costs Black the game.} (39... Qd3 $16 {was necessary.} 40. Qxe4 Rxd2 41. Qxg4 Qxa3) 40. Qd7+ $18 Kf8 (40... Kh8 $142 41. Qe7 (41. Qxg4 Rxd2 42. Qxe4 Qa7 $16) (41. Nxe4 Qxb4 42. Qf7 Re2 $16) 41... Qa8 42. Nxe4 (42. Qxe4 Qxe4 43. Nxe4 Rb2 $11) 42... Qd5) 41. Nxe4 ({Not} 41. Qxg4 Rxd2 42. Qc8+ (42. Qxe4 Qd3 $16) 42... Kg7 $16) 41... Qxb4 42. Nd6 {[%csl Gd6][%cal Rd7f7]} Ne5 43. Qe8+ {White mates.} Kg7 44. Qe7+ Kh6 45. Nf7+ {Weighted Error Value: White=0.22/Black=0.57} 1-0

[Event "2nd Mix Bassano 2021"]
[Site "Bassano del Grappa"]
[Date "2021.03.24"]
[Round "2.4"]
[White "Checa, Nicolas"]
[Black "Shetty, Atulya"]
[Result "1/2-1/2"]
[WhiteElo "2546"]
[BlackElo "2447"]
[Annotator "RC"]
[PlyCount "74"]
[EventDate "2021.03.24"]
[EventType "swiss"]
[EventCountry "ITA"]
[SourceTitle "playchess.com"]
[Source "ChessBase"]
[SourceQuality "1"]
[TimeControl "5400+30"]

1. d4 {[%emt 0:04:04]} d5 {[%emt 0:00:00]} 2. c4 {[%emt 0:00:08]} c6 {[%emt 0:00:00]} 3. Nf3 {[%emt 0:00:06]} Nf6 {[%emt 0:00:00]} 4. Nc3 {[%emt 0:00:11]} a6 {[%emt 0:00:42]} 5. Qc2 {[%emt 0:04:11]} e6 {[%emt 0:09:02]} 6. e4 {[%emt 0:00:29]} dxe4 {[%emt 0:00:23]} 7. Nxe4 {[%emt 0:00:09]} Bb4+ {[%emt 0:02:27]} 8. Bd2 {[%emt 0:09:28]} Bxd2+ {[%emt 0:01:37]} 9. Nexd2 {[%emt 0:00:13]} c5 {[%emt 0:03:14]} 10. dxc5 {[%emt 0:00:51]} Qc7 {[%emt 0:07:46]} 11. a3 {[%emt 0:05:35]} a5 {[%emt 0:02:05]} 12. Bd3 {[%emt 0:03:46]} Nbd7 {[%emt 0:05:39]} 13. c6 {[%emt 0:01:51]} Qxc6 {[%emt 0:05:14]} 14. Ne4 {[%emt 0:00:36]} Nc5 {[%emt 0:10:37]} 15. Nxc5 {[%emt 0:02:48]} Qxc5 {[%emt 0:00:08]} 16. O-O {[%emt 0:00:14]} a4 {[%emt 0:01:04]} 17. Rfe1 {[%emt 0:00:28]} O-O {[%emt 0:02:06]} 18. Re5 {[%emt 0:04:09]} Qc7 {[%emt 0:00:45]} 19. Qc3 {[%emt 0:04:48]} h6 {[%emt 0:04:19]} 20. Rae1 {[%emt 0:05:11]} Bd7 {[%emt 0:02:09]} 21. h3 {[%emt 0:00:29]} Rfd8 {[%emt 0:02:45]} 22. Nd4 {[%emt 0:05:25]} b6 {[%emt 0:08:27]} 23. c5 {[%emt 0:10:49]} Rac8 {[%emt 0:09:01]} 24. Ba6 {[%emt 0:01:46]} Ra8 {[%emt 0:02:26]} 25. Bb5 {[%emt 0:02:42]} bxc5 {[%emt 0:05:15]} 26. Rxc5 {[%emt 0:00:29]} Qb6 {[%emt 0:01:54]} 27. Bc6 {[%emt 0:12:06]} Bxc6 {[%emt 0:01:16]} 28. Nxc6 {[%emt 0:00:13]} Rd7 {[%emt 0:02:39]} 29. Rc4 {[%emt 0:02:40]} Nd5 {[%emt 0:01:01]} 30. Qc2 {[%emt 0:01:15]} Rc7 {[%emt 0:04:34]} 31. Rc1 {[%emt 0:01:23]} g6 {[%emt 0:01:33]} 32. Qd2 {[%emt 0:03:44]} Kg7 {[%emt 0:01:10]} 33. Nb4 {[%emt 0:03:38]} Rxc4 {[%emt 0:02:17]} 34. Rxc4 {[%emt 0:00:02]} Nxb4 {[%emt 0:01:38]} 35. Qc3+ {[%emt 0:00:18]} Kg8 {[%emt 0:00:43]} 36. Rxb4 {[%emt 0:02:51]} Qd6 {[%emt 0:00:31]} 37. Qf3 {[%emt 0:01:13]} Rc8 {[%emt 0:00:43]} 1/2-1/2

[Event "2nd Mix Bassano 2021"]
[Site "Bassano del Grappa"]
[Date "2021.03.24"]
[Round "2.5"]
[White "Martin Duque, Jesus"]
[Black "Niemann, Hans Moke"]
[Result "0-1"]
[WhiteElo "2454"]
[BlackElo "2526"]
[Annotator "TA"]
[PlyCount "68"]
[EventDate "2021.03.24"]
[EventType "swiss"]
[EventCountry "ITA"]
[SourceTitle "playchess.com"]
[Source "ChessBase"]
[SourceQuality "1"]

{[%evp 13,68,14,8,3,9,0,21,12,10,0,0,-5,22,19,22,16,22,20,15,12,13,19,8,-5,0,-2,0,0,0,0,0,0,0,0,0,-106,-5,-9,-18,-24,0,0,0,0,0,-11,-9,-18,0,-506,-515,-1569,-1393,-4038,-3995,-3471,-3301]} 1. Nf3 d5 2. b3 Bg4 3. e3 Nd7 4. h3 Bxf3 5. Qxf3 e6 6. Bb2 Ngf6 7. c4 c6 8. Nc3 {A12: English Opening: 1...c6 with b3 by White.} Bb4 9. Qd1 O-O 10. Be2 {[#] The position is equal.} Qe7 $146 ({Predecessor:} 10... e5 11. cxd5 cxd5 12. O-O a6 13. a3 Bd6 14. b4 Re8 15. Rc1 Nf8 16. Qb3 e4 {1-0 (42) Korobov,A (2652)-Andreikin,D (2712) Huaian 2017}) 11. a3 Bd6 12. O-O Ne4 13. Nxe4 dxe4 14. Qc2 f5 15. d3 exd3 16. Bxd3 Be5 17. Bxe5 Nxe5 18. Rfd1 g5 19. Be2 Qf6 20. Rf1 g4 21. hxg4 fxg4 22. Qe4 Qg5 23. Rad1 Rf6 24. Rd4 {[#]} (24. f4 $1 $11 {was the only way to keep the balance.} gxf3 25. Bxf3) 24... h5 (24... Raf8 $1 $17 {Strongly threatening ...g3.} 25. g3 (25. Bxg4 c5 $17) 25... c5 26. Qxg4 Nxg4 27. Rxg4 Qxg4 28. Bxg4 e5) 25. Rfd1 Raf8 26. Bd3 {[%csl Gd3][%cal Re4h7]} ({But not} 26. Rd7 $2 Nxd7 27. Rxd7 Qf5 $19) 26... Rf5 27. Rd6 Qf6 28. Bb1 Kg7 ({Not} 28... Qh4 $2 29. f4 $18) 29. c5 h4 30. b4 Rf7 31. Rd8 $2 {[%mdl 8192] [#]} (31. Qxf5 $11 {and White is okay.} exf5 32. Rxf6 Kxf6 33. Rd6+ Kg5 34. Re6) 31... h3 $1 $19 {[%cal Rh3g2] Black is clearly winning.} 32. f4 (32. R1d2 $142) 32... gxf3 33. g4 {[#]} Nxg4 $1 {[%mdl 512] ( -> ...h2+)} 34. Kf1 Qh4 {[%csl Gg4][%cal Rh4f2] Weighted Error Value: White=0.61/Black=0.10} 0-1

[Event "2nd Mix Bassano 2021"]
[Site "Bassano del Grappa"]
[Date "2021.03.24"]
[Round "2.6"]
[White "Bellahcene, Bilel"]
[Black "Tomazini, Zan"]
[Result "1-0"]
[WhiteElo "2517"]
[BlackElo "2416"]
[Annotator "RC"]
[PlyCount "70"]
[EventDate "2021.03.24"]
[EventType "swiss"]
[EventCountry "ITA"]
[SourceTitle "playchess.com"]
[Source "ChessBase"]
[SourceQuality "1"]
[TimeControl "5400+30"]

1. d4 {[%emt 0:05:30]} Nf6 {[%emt 0:00:00]} 2. c4 {[%emt 0:00:04]} Nc6 {[%emt 0:00:21]} 3. Nf3 {[%emt 0:00:20]} e6 {[%emt 0:00:10]} 4. g3 {[%emt 0:06:07]} d5 {[%emt 0:00:23]} 5. Bg2 {[%emt 0:01:47]} dxc4 {[%emt 0:00:19]} 6. O-O {[%emt 0:00:05]} Rb8 {[%emt 0:00:55]} 7. e3 {[%emt 0:05:40]} Be7 {[%emt 0:06:15]} 8. Nfd2 {[%emt 0:03:08]} e5 {[%emt 0:06:36]} 9. Bxc6+ {[%emt 0:03:56]} bxc6 {[%emt 0:00:05]} 10. dxe5 {[%emt 0:00:05]} Ng4 {[%emt 0:02:08]} 11. Nxc4 {[%emt 0:00:30]} Qd5 {[%emt 0:19:57]} 12. b3 {[%emt 0:01:45]} f6 {[%emt 0:11:34]} 13. Bb2 {[%emt 0:17:09]} Be6 {[%emt 0:03:15]} 14. Qc2 {[%emt 0:06:30]} Nxe5 {[%emt 0:11:40]} 15. Nxe5 {[%emt 0:03:19]} fxe5 {[%emt 0:01:30]} 16. Rd1 {[%emt 0:00:12]} Qb5 {[%emt 0:04:35]} 17. Nc3 {[%emt 0:02:31]} Qb4 {[%emt 0:06:32]} 18. Na4 {[%emt 0:01:34]} Bd6 {[%emt 0:00:49]} 19. Qxc6+ {[%emt 0:06:49]} Bd7 {[%emt 0:02:00]} 20. Qd5 {[%emt 0:00:20]} Bxa4 {[%emt 0:05:18]} 21. Qe6+ {[%emt 0:01:34]} Kf8 {[%emt 0:02:12]} 22. Qf5+ {[%emt 0:07:56]} Ke7 {[%emt 0:02:03]} 23. Bxe5 {[%emt 0:00:06]} Bc6 {[%emt 0:01:16]} 24. Qg5+ {[%emt 0:06:45]} Ke6 {[%emt 0:00:35]} 25. Bxd6 {[%emt 0:00:05]} cxd6 {[%emt 0:01:22]} 26. Rd4 {[%emt 0:00:09]} Qc5 {[%emt 0:01:57]} 27. Qg4+ {[%emt 0:01:38]} Ke7 {[%emt 0:02:19]} 28. Qxg7+ {[%emt 0:00:19]} Ke6 {[%emt 0:00:04]} 29. Rf4 {[%emt 0:03:24]} Qh5 {[%emt 0:03:33]} 30. Rf6+ {[%emt 0:00:18]} Kd5 {[%emt 0:00:08]} 31. e4+ {[%emt 0:00:04]} Kxe4 {[%emt 0:01:48]} 32. Rf4+ {[%emt 0:00:04]} Kd5 {[%emt 0:00:33]} 33. Rd4+ {[%emt 0:00:31]} Kc5 {[%emt 0:00:25]} 34. Qxa7+ {[%emt 0:00:05]} Rb6 {[%emt 0:00:50]} 35. Rc4+ {[%emt 0:00:05]} Kd5 {[%emt 0:04:03]} 1-0

[Event "2nd Mix Bassano 2021"]
[Site "Bassano del Grappa"]
[Date "2021.03.24"]
[Round "2.7"]
[White "Schreiner, Peter"]
[Black "Peralta, Fernando"]
[Result "1/2-1/2"]
[WhiteElo "2445"]
[BlackElo "2561"]
[Annotator "TA"]
[PlyCount "70"]
[EventDate "2021.03.24"]
[EventType "swiss"]
[EventCountry "ITA"]
[SourceTitle "playchess.com"]
[Source "ChessBase"]
[SourceQuality "1"]

{[%evp 18,70,0,0,0,0,5,14,5,-2,14,18,35,17,38,40,35,34,34,14,18,0,0,0,0,-19,0,6,0,0,12,10,22,13,24,0,0,0,0,0,0,0,0,0,0,0,0,0,0,0,0,-2,0,0,0]} 1. d4 Nf6 2. Nf3 e6 3. g3 b6 4. c4 Bb7 5. Bg2 Be7 6. O-O O-O 7. Nc3 Ne4 8. Nxe4 Bxe4 9. Ne1 Bxg2 10. Nxg2 Re8 {E18: Queen's Indian: Old Main Line (4 g3 Bb7 5 Bg2 Be7 6 0-0 0-0 7 Nc3).} 11. Nf4 Bf6 {[#]} 12. Nh5 $146 ({Predecessor:} 12. e3 g6 13. Rb1 d6 14. b3 Nd7 15. Bb2 Bg7 16. Kg2 {½-½ (16) Eastoe,L (2315)-Matvienko,V (2318) ICCF email 2016}) 12... Be7 13. Nf4 g6 14. e4 d6 15. Be3 Bf6 16. Qd2 Nd7 17. Rad1 Bg7 18. Ne2 a6 19. f4 Qe7 20. e5 b5 21. Qc2 bxc4 22. Qxc4 Nb6 23. Qc6 Nd5 24. Bf2 Rab8 25. Nc3 Nxc3 (25... Rxb2 $2 26. Nxd5 exd5 27. exd6 $18) 26. bxc3 (26. Qxc3 {is interesting.} Rec8 27. b3 c6 28. Rc1 d5 29. Qd2) 26... Rb6 {The position is equal.} 27. Qa4 Reb8 28. d5 Rb2 29. dxe6 Qxe6 30. exd6 cxd6 ({Wrong is} 30... Qh3 $2 31. dxc7 Qc8 32. cxb8=N $18) 31. Qxa6 Rxa2 32. Qxd6 Qxd6 33. Rxd6 Bxc3 34. Rd3 Rc2 35. Kg2 Bf6 {Weighted Error Value: White=0.04/Black=0.04} 1/2-1/2

[Event "2nd Mix Bassano 2021"]
[Site "Bassano del Grappa"]
[Date "2021.03.24"]
[Round "2.8"]
[White "Formento, Paolo"]
[Black "Neuhoff, Laertes"]
[Result "1-0"]
[WhiteElo "2329"]
[BlackElo "1786"]
[Annotator "TA"]
[PlyCount "48"]
[EventDate "2021.03.24"]
[EventType "swiss"]
[EventCountry "ITA"]
[SourceTitle "playchess.com"]
[Source "ChessBase"]
[SourceQuality "1"]

{[%evp 9,48,12,25,2,-2,-33,-38,-43,-27,-43,-23,-27,-15,-23,-22,-50,-45,-41,-12,-75,0,0,-12,-82,-25,-72,0,10,28,11,490,467,819,802,776,764,29990,29991,29996,29997,29999]} 1. e4 e5 2. Nf3 Nc6 3. Bc4 Nf6 4. d3 Bc5 5. h3 d6 6. Nbd2 {C50: Hungarian Defence and Giuoco Pianissimo.} Na5 7. Qe2 Nxc4 {[#]} 8. dxc4 $146 {Black is slightly better.} ({Predecessor:} 8. Nxc4 Be6 9. Ne3 h6 10. g4 g6 11. c4 a5 12. a3 c6 13. Nd1 Nd7 14. b3 {½-½ (40) Weisman,O-Bernstein,Y Nathanya 1971}) 8... Bd7 9. Nf1 Bc6 10. Ng3 Qd7 11. Bd2 a6 12. Rd1 O-O 13. O-O Qe7 14. Nh2 (14. Ne1 $11) 14... Rad8 (14... Qe6 $17) 15. Bg5 Qe6 16. Kh1 (16. Qf3 $11) 16... b5 ({Black should play} 16... Rb8 $17) 17. b3 bxc4 (17... Rde8 $17 18. cxb5 axb5) 18. f4 $11 exf4 19. Rxf4 {[#] Bxf6 is the strong threat.} Qe5 {[%mdl 8192] Black cannot hold the game after this.} (19... Nd7 $11 {and Black stays safe.} 20. Bxd8 Rxd8) 20. Nf3 $18 Qc3 (20... Qxf4 $142 21. Bxf4 cxb3 22. axb3 Rde8) 21. Bxf6 gxf6 22. Nf5 {Intending Ne5! and mate.} cxb3 {[#]} 23. Ne5 $1 {[%mdl 512]} h5 (23... Qg3 24. Rg4+) 24. Qxh5 {[%cal Rf4g4]} Qxe5 {Weighted Error Value: White=0.21/Black=0.89} 1-0